[Event "Catarinense-ch"]
[Site "Itajai"]
[Date "2023.11.25"]
[Round "4"]
[White "Buganca, Luiz Henrique Da Si"]
[Black "Alonso, Leonardo Espinha"]
[Result "1-0"]
[WhiteElo "2005"]
[BlackElo "1171"]
[PlyCount "117"]
[EventDate "2023.11.24"]
[EventType "swiss"]
[EventRounds "6"]
[EventCountry "BRA"]
[SourceTitle "CB50_2023"]
[SourceDate "2023.12.13"]
[SourceVersion "1"]
[SourceVersionDate "2023.12.13"]
[SourceQuality "1"]

1. d4 Nf6 2. c4 g6 3. Nf3 Bg7 4. g3 0-0 5. Bg2 h6 6. 0-0 c5 7. d5 d6 8. Nc3 Bd7 9. h3 Na6 10. e4 Nc7 11. Rb1 b5 12. Nd2 Rb8 13. f4 bxc4 14. Nxc4 Nb5 15. Ne2 Qc8 16. Kh2 Qc7 17. Be3 e6 18. Rc1 exd5 19. exd5 Rfe8 20. a4 a6 21. axb5 axb5 22. Ne5 dxe5 23. fxe5 Nh5 24. e6 fxe6 25. d6 Qd8 26. Rxc5 e5 27. Be4 Kh7 28. Qd3 Re6 29. Rc7 Be8 30. Bc5 Rc8 31. Qd5 Rxc7 32. dxc7 Qc8 33. Qd8 Bd7 34. Be7 Rxe7 35. Qxe7 Qxc7 36. Rc1 Qb6 37. Qc5 Qe6 38. Bg2 Nf6 39. Rf1 Qe8 40. Qd6 Be6 41. Nc3 Bf5 42. g4 e4 43. Kh1 Bc8 44. Rxf6 Bxf6 45. Qxf6 e3 46. Ne2 Be6 47. Qe5 Qd7 48. Qxe3 b4 49. Qd4 Qe7 50. Nf4 Bf7 51. Nd3 b3 52. Ne5 Qc7 53. Nd7 Qc1+ 54. Kh2 Qc7+ 55. Ne5 Qe7 56. Nd7 h5 57. gxh5 gxh5 58. Be4+ Bg6 59. Nf6+ 1-0

[Event "Catarinense-ch"]
[Site "Itajai"]
[Date "2023.11.24"]
[Round "1"]
[White "Da Silva, Bernardo Marques Ol"]
[Black "Buganca, Luiz Henrique Da Si"]
[Result "0-1"]
[WhiteElo "1243"]
[BlackElo "2005"]
[PlyCount "46"]
[EventDate "2023.11.24"]
[EventType "swiss"]
[EventRounds "6"]
[EventCountry "BRA"]
[SourceTitle "CB50_2023"]
[SourceDate "2023.12.13"]
[SourceVersion "1"]
[SourceVersionDate "2023.12.13"]
[SourceQuality "1"]

1. d4 Nf6 2. c4 e6 3. Nc3 Bb4 4. e3 0-0 5. Nf3 c5 6. a3 Bxc3+ 7. bxc3 Nc6 8. Bd3 d6 9. 0-0 e5 10. d5 Ne7 11. Qc2 Ng6 12. Nd2 Nh5 13. Ne4 f5 14. Ng3 Nxg3 15. hxg3 Qf6 16. e4 f4 17. gxf4 exf4 18. Re1 Ne5 19. Bd2 Qh4 20. Bf1 Ng4 21. Bd3 Qxf2+ 22. Kh1 f3 23. Bg5 fxg2# 0-1

[Event "Caioba op 7th"]
[Site "Caioba"]
[Date "2023.06.20"]
[Round "4"]
[White "Buganca, Luiz Henrique Da Si"]
[Black "Martins, Carlos"]
[Result "1-0"]
[WhiteElo "1947"]
[BlackElo "2219"]
[PlyCount "131"]
[EventDate "2023.06.18"]
[EventType "swiss"]
[EventRounds "9"]
[EventCountry "BRA"]
[SourceTitle "CBM 214 Extra"]
[Source "ChessBase"]
[SourceDate "2023.07.31"]
[SourceVersion "1"]
[SourceVersionDate "2023.07.31"]
[SourceQuality "1"]

1. d4 Nf6 2. c4 e6 3. Nf3 b6 4. g3 Ba6 5. Qc2 c5 6. Bg2 Nc6 7. dxc5 Bxc5 8. 0-0 0-0 9. a3 Bb7 10. Rd1 a5 11. Nc3 h6 12. Bf4 Qe7 13. Na4 d5 14. cxd5 Nxd5 15. Nxc5 bxc5 16. Rac1 Nxf4 17. gxf4 Nd4 18. Nxd4 Bxg2 19. Qxc5 Qxc5 20. Rxc5 Bd5 21. Nb5 Rfc8 22. Rdc1 Rxc5 23. Rxc5 Rb8 24. f3 a4 25. Kf2 Bc4 26. Nc3 Bb3 27. Ke3 Ra8 28. Rb5 f5 29. Rb4 Kf7 30. Nb5 Kf6 31. Nd4 Bd5 32. Kd3 g5 33. e4 Ba2 34. exf5 Bb1+ 35. Kd2 Bxf5 36. fxg5+ hxg5 37. Ke3 Bb1 38. Ne2 Bc2 39. Nc3 Ra5 40. Kd2 Bb3 41. Rb5 Rxb5 42. Nxb5 Bc4 43. Nc3 Bb3 44. Ne4+ Kf5 45. Nc5 Bd5 46. Nxa4 Bxf3 47. Nc5 Bd5 48. Ke3 Kg4 49. Ne4 Bb3 50. Nd2 Bd5 51. b4 Bc6 52. Ne4 Kf5 53. Nc3 Ke5 54. a4 g4 55. a5 Kd6 56. Kd4 e5+ 57. Kc4 Kc7 58. Kc5 Bf3 59. b5 Kb8 60. Nd5 Kb7 61. Nb4 e4 62. a6+ Ka8 63. Nd5 Ka7 64. Kb4 Be2 65. Ka5 Kb8 66. Kb6 1-0

[Event "Catarinense-ch U20"]
[Site "Rio Negrinho"]
[Date "2023.03.26"]
[Round "6"]
[White "Buganca, Luiz Henrique Da Si"]
[Black "Mafra, Kaiser Luiz"]
[Result "1-0"]
[WhiteElo "1920"]
[BlackElo "2081"]
[PlyCount "93"]
[EventDate "2023.03.24"]
[EventType "swiss"]
[EventRounds "6"]
[EventCountry "BRA"]
[SourceTitle "CBM 213 Extra"]
[Source "ChessBase"]
[SourceDate "2023.05.31"]
[SourceVersion "1"]
[SourceVersionDate "2023.05.31"]
[SourceQuality "1"]

1. e4 e5 2. Nf3 Nf6 3. Nxe5 d6 4. Nf3 Nxe4 5. Nc3 Nxc3 6. dxc3 Be7 7. Bd3 0-0 8. h3 b6 9. 0-0 Bb7 10. Nd4 Bf6 11. a4 a6 12. Be2 c5 13. Nf5 d5 14. Bf4 Nd7 15. Bf3 Ne5 16. Bxe5 Bxe5 17. Bxd5 Ra7 18. Bxb7 Rxb7 19. Qf3 Rd7 20. Rad1 g6 21. Qg4 Kh8 22. Ne3 f5 23. Qc4 f4 24. Qe6 Qg5 25. Rxd7 fxe3 26. Rf7 exf2+ 27. R1xf2 Qc1+ 28. Rf1 Qe3+ 29. Kh1 Qg3 30. Rxf8+ Kg7 31. R8f7+ Kh6 32. Kg1 Qe3+ 33. Kh1 Qg3 34. Rxh7+ Kxh7 35. Qf7+ Kh6 36. Kg1 Qh2+ 37. Kf2 Qg3+ 38. Ke2 Qxg2+ 39. Qf2 Qg4+ 40. Qf3 Qc4+ 41. Qd3 Qe6 42. Qe4 Qd6 43. h4 b5 44. Rf7 Bf6 45. Qe3+ g5 46. hxg5+ Bxg5 47. Qh3+ 1-0

[Event "Catarinense-ch U20"]
[Site "Rio Negrinho"]
[Date "2023.03.26"]
[Round "5"]
[White "Volkmann, Andre Jordi"]
[Black "Buganca, Luiz Henrique Da Si"]
[Result "1/2-1/2"]
[WhiteElo "2131"]
[BlackElo "1920"]
[PlyCount "74"]
[EventDate "2023.03.24"]
[EventType "swiss"]
[EventRounds "6"]
[EventCountry "BRA"]
[SourceTitle "CBM 213 Extra"]
[Source "ChessBase"]
[SourceDate "2023.05.31"]
[SourceVersion "1"]
[SourceVersionDate "2023.05.31"]
[SourceQuality "1"]

1. Nf3 Nf6 2. b3 e6 3. Bb2 Be7 4. e3 c5 5. d4 Nc6 6. c4 cxd4 7. exd4 d5 8. cxd5 Nxd5 9. Bc4 0-0 10. 0-0 b6 11. Nc3 Nxc3 12. Bxc3 Bf6 13. Rc1 Bb7 14. d5 exd5 15. Bxd5 Bxc3 16. Rxc3 Qf6 17. Bxc6 Bxc6 18. Qd4 Qxd4 19. Nxd4 Bd5 20. Nb5 a5 21. Rd1 Be6 22. Nc7 Rac8 23. Rdc1 Rfd8 24. f3 Bf5 25. g4 Bg6 26. Nd5 Rxc3 27. Rxc3 h5 28. gxh5 Bb1 29. Nxb6 Bxa2 30. Rc5 Rb8 31. Nd7 Rxb3 32. Rxa5 Rb2 33. Rg5 Kh7 34. h4 Rb4 35. Rg4 Rxg4+ 36. fxg4 Kh6 37. Ne5 f5 1/2-1/2

[Event "Catarinense-ch U20"]
[Site "Rio Negrinho"]
[Date "2023.03.25"]
[Round "3"]
[White "Cezar, Ricardo de Almeida"]
[Black "Buganca, Luiz Henrique Da Si"]
[Result "1/2-1/2"]
[WhiteElo "1765"]
[BlackElo "1920"]
[PlyCount "31"]
[EventDate "2023.03.24"]
[EventType "swiss"]
[EventRounds "6"]
[EventCountry "BRA"]
[SourceTitle "CBM 213 Extra"]
[Source "ChessBase"]
[SourceDate "2023.05.31"]
[SourceVersion "1"]
[SourceVersionDate "2023.05.31"]
[SourceQuality "1"]

1. d4 Nf6 2. c4 e6 3. Nc3 d5 4. cxd5 exd5 5. Bg5 c6 6. e3 Bf5 7. Qf3 Bg6 8. Bxf6 Qxf6 9. Qxf6 gxf6 10. g3 Nd7 11. Bg2 Nb6 12. Nge2 Bb4 13. 0-0 0-0 14. a3 Bd6 15. Nf4 Nc4 16. Nxg6 1/2-1/2

[Event "Titled Tuesday intern op 21st Feb Early"]
[Site "Chess.com INT"]
[Date "2023.02.21"]
[Round "3"]
[White "Buganca, Luiz Henrique Da Si"]
[Black "Gruzman, Ilya"]
[Result "0-1"]
[WhiteElo "1920"]
[BlackElo "2123"]
[PlyCount "98"]
[EventDate "2023.02.21"]
[EventType "swiss (blitz)"]
[EventRounds "11"]
[EventCountry "USA"]
[SourceTitle "CBM 212 Extra"]
[Source "ChessBase"]
[SourceDate "2023.03.31"]
[SourceVersion "1"]
[SourceVersionDate "2023.03.31"]
[SourceQuality "1"]

1. e4 c5 2. Nf3 e6 3. d4 cxd4 4. Nxd4 Nf6 5. Bd3 Nc6 6. Ne2 d5 7. exd5 exd5 8. 0-0 Bd6 9. h3 0-0 10. Nbc3 Be6 11. Nb5 Bc5 12. c3 Ne5 13. Bc2 Qd7 14. Nbd4 Bxh3 15. gxh3 Qxh3 16. Nf4 Qh4 17. Ng2 Qh3 18. Bf5 Nfg4 19. Bxg4 Nxg4 20. Bf4 Rae8 21. Qf3 Qh5 22. Rfe1 Re6 23. Qg3 Rf6 24. f3 Nh6 25. Qg5 Qh3 26. Bg3 Rg6 27. Qh4 Qxg3 28. Qxg3 Rxg3 29. Kf2 Rg6 30. b4 Bb6 31. a4 Nf5 32. a5 Bxd4+ 33. cxd4 Nxd4 34. Ne3 Rf6 35. Nxd5 Rxf3+ 36. Kg2 Rb3 37. Rad1 Nf5 38. Re5 g6 39. Rxf5 gxf5 40. Ne7+ Kg7 41. Nxf5+ Kf6 42. Nd4 Rg8+ 43. Kf2 Rb2+ 44. Ke3 Re8+ 45. Kf4 Rd8 46. Rf1 Rxb4 47. Ke3+ Kg6 48. Nf3 Rb3+ 49. Kf2 Rb2+ 0-1

[Event "Titled Tuesday intern op 21st Feb Late"]
[Site "Chess.com INT"]
[Date "2023.02.21"]
[Round "6"]
[White "Buganca, Luiz Henrique Da Si"]
[Black "Rottenwohrer Suarez, Juan"]
[Result "1-0"]
[WhiteElo "1920"]
[BlackElo "2317"]
[PlyCount "56"]
[EventDate "2023.02.21"]
[EventType "swiss (blitz)"]
[EventRounds "11"]
[EventCountry "USA"]
[SourceTitle "CBM 212 Extra"]
[Source "ChessBase"]
[SourceDate "2023.03.31"]
[SourceVersion "1"]
[SourceVersionDate "2023.03.31"]
[SourceQuality "1"]

1. d4 Nf6 2. c4 g6 3. Nf3 Bg7 4. g3 b6 5. Bg2 Bb7 6. 0-0 0-0 7. Nc3 Ne4 8. Qc2 Nxc3 9. Qxc3 c5 10. Rd1 cxd4 11. Nxd4 Bxg2 12. Kxg2 Qc7 13. Qd3 Rc8 14. Qf3 Nc6 15. Nb5 Qb7 16. Rb1 a6 17. Nc3 b5 18. cxb5 axb5 19. a3 Rab8 20. Bf4 d6 21. Nd5 Nd4 22. Qe4 e5 23. Rxd4 exd4 24. Ne7+ Kf8 25. Qxb7 Rxb7 26. Nxc8 Be5 27. Nxd6 Bxf4 28. Nxb7 b4 1-0

[Event "Titled Tuesday intern op 21st Feb Early"]
[Site "Chess.com INT"]
[Date "2023.02.21"]
[Round "11"]
[White "Buganca, Luiz Henrique Da Si"]
[Black "Sabar, Ethmane Daouda"]
[Result "1-0"]
[WhiteElo "1920"]
[BlackElo "2040"]
[PlyCount "81"]
[EventDate "2023.02.21"]
[EventType "swiss (blitz)"]
[EventRounds "11"]
[EventCountry "USA"]
[SourceTitle "CBM 212 Extra"]
[Source "ChessBase"]
[SourceDate "2023.03.31"]
[SourceVersion "1"]
[SourceVersionDate "2023.03.31"]
[SourceQuality "1"]

1. d4 d5 2. c4 e5 3. cxd5 Qxd5 4. dxe5 Qxd1+ 5. Kxd1 Nc6 6. Nf3 Bf5 7. Bd2 0-0-0 8. a3 f6 9. exf6 Nxf6 10. Nc3 Ng4 11. Ke1 Bc5 12. e3 Rhe8 13. h3 Nge5 14. Be2 Nd3+ 15. Bxd3 Bxd3 16. Rc1 a5 17. Ne2 Bb6 18. Bc3 g6 19. Nf4 Ba6 20. Ng5 Rd7 21. Rd1 Rde7 22. Nd5 Rd7 23. Nxb6+ cxb6 24. Rxd7 Kxd7 25. Kd2 b5 26. Rd1 b4 27. Kc2+ Kc8 28. axb4 axb4 29. Bd4 h6 30. Nf7 Re6 31. Nxh6 Na5 32. b3 b6 33. Kb2 Bb7 34. f3 Bd5 35. Rc1+ Kb7 36. Nf7 Ka6 37. Nd8 Nxb3 38. Nxe6 Nxc1 39. Nc7+ Kb7 40. Nxd5 Ne2 41. Bxb6 1-0

[Event "Titled Tuesday intern op 21st Feb Early"]
[Site "Chess.com INT"]
[Date "2023.02.21"]
[Round "10"]
[White "Burke, John F"]
[Black "Buganca, Luiz Henrique Da Si"]
[Result "1-0"]
[WhiteElo "2013"]
[BlackElo "1920"]
[PlyCount "133"]
[EventDate "2023.02.21"]
[EventType "swiss (blitz)"]
[EventRounds "11"]
[EventCountry "USA"]
[SourceTitle "CBM 212 Extra"]
[Source "ChessBase"]
[SourceDate "2023.03.31"]
[SourceVersion "1"]
[SourceVersionDate "2023.03.31"]
[SourceQuality "1"]

1. d4 Nf6 2. c4 e6 3. Nf3 b6 4. a3 Bb7 5. Nc3 Be7 6. Qc2 c5 7. e3 0-0 8. Be2 d6 9. 0-0 Nbd7 10. b3 Rc8 11. Bb2 a6 12. Rfd1 Qc7 13. Rac1 Rfd8 14. d5 Nf8 15. e4 e5 16. Bd3 Nh5 17. Ne2 Ng6 18. g3 Qd7 19. Ne1 Rf8 20. f3 Nh8 21. Ng2 g6 22. Rf1 f6 23. g4 Ng7 24. Ng3 Nf7 25. h3 Rb8 26. f4 b5 27. f5 g5 28. Ra1 bxc4 29. bxc4 a5 30. Bc3 a4 31. Rab1 Ba6 32. Rxb8 Rxb8 33. Rb1 Rxb1+ 34. Qxb1 Bd8 35. Ne3 Ne8 36. Bc2 Nc7 37. Qb8 Ne8 38. Nh5 Kf8 39. Qa8 Qb7 40. Qxb7 Bxb7 41. Bxa4 Nc7 42. Ba5 Ke7 43. Bc6 Ba6 44. Kf2 Bc8 45. Ng7 Na6 46. Bxd8+ Nxd8 47. Bb5 Nc7 48. Ne6 Nxb5 49. cxb5 Nb7 50. Nc4 Bd7 51. a4 Be8 52. Kg3 Kd7 53. h4 h6 54. hxg5 hxg5 55. Kf3 Kc8 56. Nb6+ Kb8 57. Nc4 Ka7 58. Ke3 Kb8 59. Kd3 Ka7 60. Kc3 Kb8 61. Kb3 Ka7 62. Nc7 Bd7 63. b6+ Kb8 64. a5 Bc8 65. a6 Nd8 66. a7+ Kb7 67. a8Q# 1-0

[Event "Titled Tuesday intern op 21st Feb Late"]
[Site "Chess.com INT"]
[Date "2023.02.21"]
[Round "8"]
[White "Deng, Henry"]
[Black "Buganca, Luiz Henrique Da Si"]
[Result "0-1"]
[WhiteElo "2117"]
[BlackElo "1920"]
[PlyCount "126"]
[EventDate "2023.02.21"]
[EventType "swiss (blitz)"]
[EventRounds "11"]
[EventCountry "USA"]
[SourceTitle "CBM 212 Extra"]
[Source "ChessBase"]
[SourceDate "2023.03.31"]
[SourceVersion "1"]
[SourceVersionDate "2023.03.31"]
[SourceQuality "1"]

1. e4 c6 2. d4 d5 3. Nd2 dxe4 4. Nxe4 Nd7 5. Nf3 Ngf6 6. Bd3 Nxe4 7. Bxe4 Nf6 8. Bd3 Bg4 9. c3 e6 10. h3 Bh5 11. Bg5 Be7 12. 0-0 0-0 13. g4 Bg6 14. Ne5 Nd5 15. Bxe7 Qxe7 16. Bxg6 hxg6 17. Qf3 Qf6 18. Qg3 Nf4 19. Kh2 Rfd8 20. g5 Qf5 21. Rae1 c5 22. Nf3 Nd3 23. Re2 b6 24. Ne5 Nf4 25. Rd2 cxd4 26. cxd4 Rac8 27. Re1 Nh5 28. Qg4 Qf4+ 29. Qxf4 Nxf4 30. Kg3 Nd5 31. h4 Nb4 32. a3 Nc6 33. Red1 Ne7 34. Kg4 Rd5 35. Rh1 Nf5 36. f4 Rcd8 37. h5 gxh5+ 38. Rxh5 f6 39. gxf6 gxf6 40. Nf3 Kg7 41. Rdh2 Ne3+ 42. Kg3 Nf1+ 43. Kf2 Nxh2 44. Rxh2 Rh8 45. Rg2+ Kf7 46. Ke3 Rb5 47. Rc2 Rb3+ 48. Kf2 Rh3 49. Ne1 Rh2+ 50. Ng2 Kg6 51. Kg1 Rh7 52. Kf2 Kf5 53. Re2 Rhh3 54. Kg1 Rhg3 55. Kh2 Rh3+ 56. Kg1 Rbg3 57. Kf2 Rg4 58. Kg1 Rhg3 59. Kf1 Rxg2 60. Rxg2 Rxg2 61. Kxg2 Kxf4 62. d5 exd5 63. Kf2 d4 0-1

[Event "Titled Tuesday intern op 21st Feb Late"]
[Site "Chess.com INT"]
[Date "2023.02.21"]
[Round "4"]
[White "Dobrikov, Marco"]
[Black "Buganca, Luiz Henrique Da Si"]
[Result "1/2-1/2"]
[WhiteElo "2256"]
[BlackElo "1920"]
[PlyCount "105"]
[EventDate "2023.02.21"]
[EventType "swiss (blitz)"]
[EventRounds "11"]
[EventCountry "USA"]
[SourceTitle "CBM 212 Extra"]
[Source "ChessBase"]
[SourceDate "2023.03.31"]
[SourceVersion "1"]
[SourceVersionDate "2023.03.31"]
[SourceQuality "1"]

1. c4 Nf6 2. Nc3 e6 3. d4 d5 4. cxd5 exd5 5. Bg5 Be7 6. e3 c6 7. Bd3 0-0 8. Nf3 Re8 9. 0-0 h6 10. Bh4 Ne4 11. Bxe7 Qxe7 12. Qc2 f5 13. Ne5 Nd7 14. f4 Nxe5 15. fxe5 Be6 16. Bxe4 fxe4 17. Na4 Rad8 18. a3 Qg5 19. Qd2 Rf8 20. b4 Bc8 21. Nc3 Rf5 22. Rxf5 Bxf5 23. Rf1 Rf8 24. b5 Bd7 25. Rxf8+ Kxf8 26. a4 Qe7 27. Qb2 Qg5 28. Qf2+ Ke8 29. bxc6 Bxc6 30. h3 Qe7 31. Qg3 g5 32. Qg4 Kd8 33. Qf5 Kc7 34. e6 Qd6 35. a5 a6 36. Kf2 Qb4 37. Ne2 Qe7 38. Qe5+ Kc8 39. Qh8+ Qd8 40. Qxh6 Bb5 41. Ng3 Qxa5 42. Qf8+ Kc7 43. Qc5+ Kb8 44. Nf5 Qd2+ 45. Kg3 Qe1+ 46. Kh2 Qf2 47. Qxd5 Bf1 48. Qd6+ Ka7 49. Qc5+ Ka8 50. Qc8+ Ka7 51. Qc5+ Ka8 52. Qc8+ Ka7 53. Qc5+ 1/2-1/2

[Event "Titled Tuesday intern op 21st Feb Early"]
[Site "Chess.com INT"]
[Date "2023.02.21"]
[Round "6"]
[White "Kiseljova, Marya"]
[Black "Buganca, Luiz Henrique Da Si"]
[Result "1-0"]
[WhiteElo "2031"]
[BlackElo "1920"]
[PlyCount "177"]
[EventDate "2023.02.21"]
[EventType "swiss (blitz)"]
[EventRounds "11"]
[EventCountry "USA"]
[SourceTitle "CBM 212 Extra"]
[Source "ChessBase"]
[SourceDate "2023.03.31"]
[SourceVersion "1"]
[SourceVersionDate "2023.03.31"]
[SourceQuality "1"]

1. d4 Nf6 2. c4 e6 3. Nf3 b6 4. Bf4 Bb7 5. e3 Bb4+ 6. Nbd2 0-0 7. a3 Be7 8. Bd3 d6 9. 0-0 Nbd7 10. b4 c5 11. h3 Rc8 12. Rc1 Qc7 13. dxc5 bxc5 14. Bb1 e5 15. Bg5 h6 16. Bxf6 Nxf6 17. Qc2 Rfd8 18. Rfd1 Qb6 19. Qb2 cxb4 20. axb4 a5 21. b5 g6 22. Nb3 Ne4 23. Nfd2 Nxd2 24. Nxd2 f5 25. g4 f4 26. exf4 Rf8 27. f5 gxf5 28. Bxf5 Rxf5 29. gxf5 Kh8 30. Kf1 Rg8 31. Rc3 Bh4 32. Nf3 Bf6 33. Ke1 e4 34. Nd2 Be5 35. Qc2 Rg1+ 36. Ke2 Rg2 37. Re3 Bd4 38. Kf1 Rxf2+ 39. Kxf2 Bxe3+ 40. Ke2 Bg5 41. Qc3+ Kh7 42. Rf1 Qc5 43. f6 e3 44. Qd3+ Kg8 45. Nf3 Bxf3+ 46. Rxf3 Qe5 47. Qg6+ Kf8 48. Qg7+ Ke8 49. Qe7+ Qxe7 50. fxe7 Kxe7 51. b6 Kd7 52. b7 Kc7 53. Rf7+ Kb8 54. Kd3 a4 55. h4 Bxh4 56. Kxe3 Bg5+ 57. Kd4 a3 58. Kc3 a2 59. Kb2 Be3 60. Kxa2 Bc5 61. Kb3 h5 62. Kc3 h4 63. Kd3 h3 64. Ke2 h2 65. Rh7 Bg1 66. Kf3 Bc5 67. Ke4 h1Q+ 68. Rxh1 Kxb7 69. Kd5 Kb6 70. Rh7 Ka5 71. Kc6 Kb4 72. Rh4 Kc3 73. Kd5 Kb4 74. Rh1 Ka4 75. Rb1 Ka3 76. Ke4 Ka2 77. Rb7 Ka3 78. Kd3 Ka4 79. Kc3 Ka5 80. Rb5+ Ka6 81. Kd3 Ka7 82. Ke4 Ka6 83. Kd5 Ka7 84. Rxc5 dxc5 85. Kxc5 Kb8 86. Kb6 Kc8 87. Kc6 Kb8 88. Kd7 Kb7 89. c5 1-0

[Event "Titled Tuesday intern op 21st Feb Early"]
[Site "Chess.com INT"]
[Date "2023.02.21"]
[Round "8"]
[White "Rose, Felix"]
[Black "Buganca, Luiz Henrique Da Si"]
[Result "1/2-1/2"]
[WhiteElo "2091"]
[BlackElo "1920"]
[PlyCount "66"]
[EventDate "2023.02.21"]
[EventType "swiss (blitz)"]
[EventRounds "11"]
[EventCountry "USA"]
[SourceTitle "CBM 212 Extra"]
[Source "ChessBase"]
[SourceDate "2023.03.31"]
[SourceVersion "1"]
[SourceVersionDate "2023.03.31"]
[SourceQuality "1"]

1. e4 c5 2. Nf3 Nc6 3. d4 cxd4 4. Nxd4 g6 5. c4 Bg7 6. Be3 Nf6 7. Nc3 0-0 8. Be2 d6 9. f3 Bd7 10. Qd2 a5 11. h4 h5 12. g4 hxg4 13. h5 gxf3 14. Bxf3 Ne5 15. Be2 Bg4 16. hxg6 fxg6 17. 0-0-0 Rc8 18. Bh6 Nxc4 19. Bxc4+ Rxc4 20. Bxg7 Kxg7 21. Rdg1 Qb6 22. Rxg4 Qxd4 23. Qh6+ Kf7 24. Qxg6+ Ke6 25. Qf5+ Kf7 26. Kb1 Rxc3 27. Qg6+ Ke6 28. Qf5+ Kf7 29. bxc3 Qxc3 30. Qg6+ Ke6 31. Qf5+ Kf7 32. Qg6+ Ke6 33. Qf5+ Kf7 1/2-1/2

[Event "Concordia op 6th"]
[Site "Concordia"]
[Date "2022.10.16"]
[Round "9"]
[White "Peroza, Eduardo Antunes"]
[Black "Buganca, Luiz Henrique Da Si"]
[Result "1-0"]
[WhiteElo "2117"]
[BlackElo "1893"]
[PlyCount "75"]
[EventDate "2022.10.12"]
[EventType "swiss"]
[EventRounds "9"]
[EventCountry "BRA"]
[SourceTitle "EXT 2024"]
[Source "ChessBase"]
[SourceDate "2023.10.10"]
[SourceVersion "1"]
[SourceVersionDate "2023.10.10"]
[SourceQuality "1"]

1. e4 c6 2. d4 d5 3. e5 c5 4. dxc5 e6 5. Be3 Qc7 6. Nc3 Bd7 7. Nb5 Bxb5 8. Bxb5+ Nc6 9. Bxc6+ Qxc6 10. c3 Bxc5 11. Bxc5 Qxc5 12. Qa4+ Qc6 13. Qxc6+ bxc6 14. Ne2 Ne7 15. 0-0-0 0-0 16. Nf4 Rab8 17. h4 c5 18. Rh3 Rb6 19. Rd2 Rfb8 20. c4 Rb4 21. Rc3 Ra4 22. b3 d4 23. bxa4 dxc3 24. Rd7 Nc6 25. Kc2 Nxe5 26. Rxa7 Nxc4 27. Kxc3 Nd6 28. Kc2 g6 29. Nd3 Kg7 30. Rc7 Ra8 31. Nxc5 Kf6 32. Kd3 Ke5 33. Nd7+ Kf5 34. Rc6 Ne4 35. Rc4 Nxf2+ 36. Ke3 Nd1+ 37. Ke2 Nb2 38. g4# 1-0

[Event "Concordia op 6th"]
[Site "Concordia"]
[Date "2022.10.14"]
[Round "6"]
[White "Buganca, Luiz Henrique Da Si"]
[Black "Cubas, Jose Fernando"]
[Result "1/2-1/2"]
[WhiteElo "1893"]
[BlackElo "2468"]
[PlyCount "78"]
[EventDate "2022.10.12"]
[EventType "swiss"]
[EventRounds "9"]
[EventCountry "BRA"]
[SourceTitle "CBM 210 Extra"]
[Source "ChessBase"]
[SourceDate "2022.11.30"]
[SourceVersion "1"]
[SourceVersionDate "2022.11.30"]
[SourceQuality "1"]

1. d4 Nf6 2. c4 e6 3. Nf3 c5 4. e3 d5 5. Nc3 Nc6 6. Be2 dxc4 7. Bxc4 cxd4 8. exd4 Be7 9. 0-0 0-0 10. Re1 a6 11. a3 b5 12. Ba2 b4 13. d5 bxc3 14. dxc6 Qb6 15. bxc3 Bc5 16. Nd4 Bxd4 17. cxd4 Qxc6 18. d5 Nxd5 19. Bb2 Nf4 20. Qg4 Ng6 21. h4 h5 22. Qg3 Qa4 23. Qc3 e5 24. Qg3 Qg4 25. Bxe5 Nxe5 26. Qxe5 Bb7 27. Qg5 Qxg5 28. hxg5 Rad8 29. Rad1 g6 30. Kh2 Bc6 31. Kg3 Kg7 32. f3 Ba4 33. Rxd8 Rxd8 34. Re7 Be8 35. Bc4 Kf8 36. Ra7 Rd4 37. Bxa6 Ra4 38. Ra8 Rxa3 39. Bb7 Rxa8 1/2-1/2

[Event "Concordia op 6th"]
[Site "Concordia"]
[Date "2022.10.13"]
[Round "3"]
[White "Menna Barreto, Luiz Ney"]
[Black "Buganca, Luiz Henrique Da Si"]
[Result "1-0"]
[WhiteElo "2235"]
[BlackElo "1893"]
[PlyCount "65"]
[EventDate "2022.10.12"]
[EventType "swiss"]
[EventRounds "9"]
[EventCountry "BRA"]
[SourceTitle "CBM 210 Extra"]
[Source "ChessBase"]
[SourceDate "2022.11.30"]
[SourceVersion "1"]
[SourceVersionDate "2022.11.30"]
[SourceQuality "1"]

1. Nf3 Nf6 2. c4 c5 3. Nc3 d5 4. cxd5 Nxd5 5. Nxd5 Qxd5 6. g3 Nc6 7. Bg2 e5 8. d3 Be7 9. 0-0 0-0 10. Be3 Qe6 11. a3 Bd7 12. Rc1 Nd4 13. Nxd4 cxd4 14. Bd2 Qb6 15. b4 Rac8 16. Qb3 Rxc1 17. Rxc1 Rc8 18. Rxc8+ Bxc8 19. Bd5 Be6 20. Bxe6 Qxe6 21. Qxe6 fxe6 22. Kg2 Kf7 23. Kf3 g5 24. Ke4 Bf6 25. b5 Be7 26. a4 Kf6 27. h3 Bd6 28. e3 Bc5 29. exd4 Bxd4 30. f4 gxf4 31. gxf4 Bb2 32. fxe5+ Bxe5 33. Bg5+ 1-0

[Event "Pan American-ch Hybrid U16 31st"]
[Site "Tornelo INT"]
[Date "2021.09.04"]
[Round "1"]
[White "Buganca, Luiz Henrique Da Si"]
[Black "Melo, Diego Roiphe De Cas"]
[Result "1-0"]
[WhiteElo "1853"]
[BlackElo "1130"]
[PlyCount "81"]
[EventDate "2021.09.04"]
[EventType "swiss"]
[EventRounds "9"]
[EventCountry "NET"]
[SourceTitle "EXT 2023"]
[Source "ChessBase"]
[SourceDate "2022.10.05"]
[SourceVersion "1"]
[SourceVersionDate "2022.10.05"]
[SourceQuality "1"]

1. d4 d5 2. c4 c6 3. Nc3 Nf6 4. Bg5 dxc4 5. a4 Bf5 6. Bxf6 exf6 7. e4 Bg6 8. Bxc4 Bb4 9. f3 0-0 10. Nge2 Nd7 11. 0-0 a6 12. Qb3 Bxc3 13. Qxc3 Qb6 14. a5 Qc7 15. Rfd1 Rfe8 16. Ng3 Rad8 17. Rac1 Nf8 18. b4 Ne6 19. Bf1 Qd6 20. d5 cxd5 21. Rxd5 Qe7 22. Qd2 Rxd5 23. exd5 Rd8 24. Rd1 h6 25. Qe2 Qxb4 26. dxe6 Qxa5 27. Rxd8+ Qxd8 28. e7 Qe8 29. Qe3 f5 30. Qc5 f6 31. Bc4+ Bf7 32. Bxf7+ Kxf7 33. Nxf5 Qd7 34. Qc4+ Kg6 35. Qg4+ Kf7 36. Qxg7+ Ke6 37. Qg8+ Kxf5 38. Qg4+ Ke5 39. Qxd7 Kf4 40. Qd4+ Kg5 41. Qg4# 1-0